000 01782nam a2200241Ia 4500
000 02297naaa 00349uu
001 https://directory.doabooks.org/handle/20.500.12854/33004
005 20260218110025.0
008 211013s9999 xx 000 0 und d
020 _a9781478012993
024 _a10.1215/9781478012993
042 _adc
245 4 _aThe CIA in Ecuador
260 _bDuke University Press
_c2021
300 _a1 electronic resource (336 p.)
520 _aIn The CIA in Ecuador, Marc Becker draws on recently released US government surveillance documents on the Ecuadorian left to chart social movement organizing efforts during the 1950s. Emphasizing the competing roles of the domestic ruling class and grassroots social movements, Becker details the struggles and difficulties that activists, organizers, and political parties confronted. He shows how leftist groups, including the Communist Party of Ecuador, navigated disagreements over tactics and ideology, and how these influenced shifting strategies in support of rural Indigenous communities and urban labor movements. He outlines the CIA's failure to understand that the Ecuadorian left was rooted in local social struggles rather than being bankrolled by the Soviet Union. By decentering US-Soviet power struggles, Becker shows that the local patterns and dynamics that shaped the development of the Ecuadorian left could be found throughout Latin American during the cold war.
540 _aCreative Commons
653 _aLatin American studies
700 1 _aBecker, Marc
856 _uhttps://docs.google.com/spreadsheets/d/1yKIrdCPDAG_9c22mwoOIO2DOhtj65Wqa/edit?usp=sharing&ouid=106555315294820607512&rtpof=true&sd=true
_yList of Curated E-Books
942 _cE-BOOK
999 _c53365
_d53365